Governance constitution and social justice : (Record no. 170264)
[ view plain ]
| 000 -LEADER | |
|---|---|
| fixed length control field | 00687nam a22001937a 4500 |
| 005 - DATE AND TIME OF LATEST TRANSACTION | |
| control field | 20210831122802.0 |
| 010 ## - LCCN (DPL NO) | |
| LC control number | ENG-127102 ENG-129803 |
| 020 ## - INTERNATIONAL STANDARD BOOK NUMBER | |
| Terms of availability | 350.00 |
| International Standard Book Number | 9789353167691 |
| 035 ## - SYSTEM CONTROL NUMBER | |
| System control number | EN-110634 EN-113335 |
| 037 ## - SOURCE OF ACQUISITION | |
| Source of stock number/acquisition | DBAD/PUB |
| 082 ## - DEWEY DECIMAL CLASSIFICATION NUMBER | |
| Classification number | 320 |
| 100 ## - MAIN ENTRY--PERSONAL NAME | |
| Personal name | Khurshid, Salman |
| 245 ## - TITLE STATEMENT | |
| Title | Governance constitution and social justice : |
| Statement of responsibility, etc | by Salman Khurshid [and] Gaurav Gupta |
| Remainder of title | for civil services and other state examinations / |
| 260 ## - PUBLICATION, DISTRIBUTION, ETC. (IMPRINT) | |
| Place of publication, distribution, etc | Chennai |
| Name of publisher, distributor, etc | McGraw Hill Education |
| Date of publication, distribution, etc | 2020 |
| 270 ## - ADDRESS | |
| Address | 444/1, Sri Ekambara Naicker Industrial Estate |
| City | Porur , Chennai |
| Postal code | 600116 |
| 300 ## - PHYSICAL DESCRIPTION | |
| Extent | xx,419. |
| Dimensions | 23cm(pbk) |
| 700 ## - ADDED ENTRY--PERSONAL NAME | |
| Personal name | Gupta, Gaurav |
| 942 ## - ADDED ENTRY ELEMENTS (KOHA) | |
| Source of classification or shelving scheme | Dewey Decimal Classification |
| Item type | English Books |
| Classification part | 320 |
| Call number suffix | KHU |
| Withdrawn status | Lost status | Not for loan | Collection code | Home library | Current library | Date acquired | Source of acquisition | Cost, normal purchase price | Full call number | Barcode | Copy number | Cost, replacement price | Koha item type |
|---|---|---|---|---|---|---|---|---|---|---|---|---|---|
| Non-fiction | Central Library | Central Library | 12/12/2019 | DBAD/PUB | 320.00 | 320 KHU | EN-110634 | 1 | 320.00 | English Books | |||
| Non-fiction | Sarojini Nagar | Sarojini Nagar | 31/08/2021 | DBAD/PUB | 350.00 | 320 KHU | EN-113335 | 1 | 350.00 | English Books |
